000 00716nab a2200193 4500
999 _c372307
_d372307
001 90031
003 OSt
005 20230328090117.0
007 tu
008 110905s2000|||||||
040 _aDE-2950
_cDE-2950
245 0 0 _aJubiläum für "Paul" und Impulse für die Stadt.
_bMOZ-Talk. Im Kleist Forum plauderten Schauspieler Winfried Glatzeder über das Älterwerden und Thomas Rühmann über sein "Theater am Rand". Der erste Gast hatte für Frankfurt ein paar Visionen im Gepäck /
_cThomas Gutke
264 _c2023
653 _aFrankfurt (Oder)
653 _aKleist Forum
653 _aMOZ-Talk
773 0 _g34. Jahrgang (2023) Nr. 65, 17.03.2023, S. 15: mit Foto
_tMärkische Oderzeitung
942 _2z
_cA